Hướng dẫn sử dụng thiết bị điện dùng trong gia đình
v.v...
Đã lưu trong:
| Tác giả chính: | |
|---|---|
| Định dạng: | Sách |
| Năm xuất bản: |
H.
Văn Hóa
1996
|
| Chủ đề: | |
| Tags: |
Thêm thẻ
Không có thẻ, Hãy là người đầu tiên gắn thẻ bản ghi này!
|
| LEADER | 00595nam a2200157 4500 | ||
|---|---|---|---|
| 082 | |a 643.6 |b NG527B | ||
| 100 | |a Nguyễn Bích Hằng | ||
| 245 | |a Hướng dẫn sử dụng thiết bị điện dùng trong gia đình |c Nguyễn Bích Hằng | ||
| 260 | |a H. |b Văn Hóa |c 1996 | ||
| 300 | |a 91tr. |c 19 cm | ||
| 520 | |a v.v... | ||
| 653 | |a Kỹ thuật | ||
| 653 | |a Thiết bị điện | ||
| 942 | |2 ddc |c SH | ||
| 999 | |c 7327 |d 7327 | ||
| 952 | |0 0 |1 0 |2 ddc |4 0 |6 643_600000000000000_NG527B |7 0 |8 600 |9 67273 |a qbu |b qbu |c D3 |d 2015-02-04 |g 7000 |o 643.6 NG527B |p 7190.c1 |r 0000-00-00 |w 2015-02-04 |y SH |0 0 |6 643_600000000000000_NG527B | ||